| 000 | 00970 a2200253 4500 | ||
|---|---|---|---|
| 005 | 20140903175022.0 | ||
| 008 | 140221s2011 enkd fr|||| 001 0 eng d | ||
| 020 | _a9780415857659 | ||
| 040 |
_aCO-BoUCM _bspa _cJose A. Gerena _dDiana Londoño |
||
| 041 | _aeng | ||
| 245 | 0 | 0 |
_aSouth korean social movements _bfrom democracy to civil society _ceditado por Go-Wook Shin y Paul Y. Chang |
| 260 |
_bRoutledge _aAbingdon (Oxfordshire, Inglaterra) _c2011 |
||
| 300 |
_axiii, 305 páginas _bcuadros, gráficas |
||
| 490 | _aroutledge advances in korean studies | ||
| 504 | _aIncluye referencias bibliográficas e índices | ||
| 650 | 7 |
_910356 _aCambio social |
|
| 650 | 7 |
_919846 _aMovimientos revolucionarios |
|
| 650 | 7 |
_919847 _aMovimientos sociales |
|
| 690 |
_942914 _aSociología |
||
| 700 | 1 |
_aChang, Paul Y. _eeditor _957094 |
|
| 700 | 1 |
_aGi-Woo, Shin _eeditor _957093 |
|
| 942 |
_a1 _cLIBRO _e1 _mS726 _2DEWEY _h303.484 |
||
| 999 |
_c184434 _d184434 |
||